Airports by Code - Great Britain - Statistics

General Stats
  • This quiz has been taken 68 times
  • The average score is 26 of 32
Answer Stats
Passengers (2016) Region Code Airport % Correct
791.651 England IOM Isle of Man
100%
43.119.628 England LGW London Gatwick
100%
5.147.546 Northern Ireland BFS Belfast
98%
2.665.139 Northern Ireland BHD Belfast City
98%
12.348.425 Scotland EDI Edinburgh
98%
9.327.193 Scotland GLA Glasgow
98%
673.323 Scotland PIK Glasgow/Prestwick
98%
88.844.310 England LHR London Heathrow
98%
25.637.054 England MAN Manchester
98%
2.955.338 Scotland ABZ Aberdeen
97%
1.664.175 Channel Islands JER Jersey
97%
4.807.906 England NCL Newcastle upon Tyne
97%
11.645.334 England BHX Birmingham
95%
1.581.302 Wales CWL Cardiff
95%
4.778.939 England LPL Liverpool
95%
14.645.619 England LTN London Luton
95%
7.610.780 England BRS Bristol
92%
847.257 England EXE Exeter
90%
548.320 Gibraltar GIB Gibraltar
87%
783.017 Scotland INV Inverness
87%
837.615 Channel Islands GCI Guernsey
86%
1.781.457 England SOU Southampton
86%
24.320.071 England STN London Stansted
84%
4.653.818 England EMA Nottingham/East Midlands
78%
4.078.069 England LBA Leeds/Bradford
70%
4.538.813 England LCY London City
63%
1.255.907 England DSA Doncaster/Sheffield
62%
874.549 England SEN London Southend
54%
506.007 England NWI Norwich
51%
667.981 England BOH Bournemouth
48%
818.459 Bermuda BDA Hamilton/Clayton J. Lloyd
27%
1.127.353 Cayman Islands GCM George Town
16%
No matching quizzes found
Score Distribution
Percent of People with Each Score
Percentile by Number Answered
Your Score History
You have not taken this quiz